000 00607nam a2200181Ia 4500
008 090630s9999 xx 000 0 und d
082 _b631
100 _aकेळकर न. चि.
245 _aभारतीय तत्वज्ञान.
_cकेळकर न. चि.
260 _bदामोदर कंपनी.
300 _a440
600 _aकेळकर न. चि.
630 _aभारतीय तत्वज्ञान.
655 _aइतर.
700 _aकेळकर न. चि.
730 _aभारतीय तत्वज्ञान.
942 _cBOOK
999 _c252487
_d252487